Real Madrid Squad 2026 - Statistics

General Stats
  • This quiz has been taken 23 times
  • The average score is 15 of 25
Answer Stats
Hint Answer % Correct
10 Kylian Mbappe
94%
1 Thibaut Courtois
89%
7 Vinicius Junior
89%
6 Eduardo Camavinga
78%
14 Aurelien Tchouameni
72%
16 Gonzalo García
72%
13 Andriy Lunin
67%
8 Federico Valverde
67%
22 Antonio Rudiger
61%
24 Dean Huijsen
61%
3 Eder Militao
61%
5 Jude Bellingham
61%
11 Rodrygo Goes
61%
15 Arda Guler
56%
4 David Alaba
56%
9 Endrick
56%
18 Álvaro Carreras
50%
20 Fran García
50%
45 Thiago Pitarch
50%
21 Brahim Díaz
44%
2 Daniel Carvajal
44%
12 Trent-Alexander Arnold
44%
23 Ferland Mendy
39%
17 Raúl Asencio
33%
19 Daniel Ceballos
28%
No matching quizzes found
Score Distribution
Percent of People with Each Score
Percentile by Number Answered
Your Score History
You have not taken this quiz